| 000 | 00661nam a22002057a 4500 | ||
|---|---|---|---|
| 005 | 20231211161254.0 | ||
| 010 | _aENG-137544 | ||
| 020 |
_a8179942279 _c400.00 |
||
| 020 | _a9788179942277 | ||
| 035 | _aEN-137544 | ||
| 037 | _bDBAD/PUB | ||
| 082 | _a510 | ||
| 245 | 1 | 0 |
_aHistory of Hindu Mathematics/ _cEdited by Venugopal D. Heroor and Neminath B. Naduvinamani |
| 260 |
_aBengaluru _bSakshi Trust _c2021 |
||
| 270 |
_a63,13th Main, 4th Block East, Jaya Nagar _bBengaluru - 560011 |
||
| 300 |
_a462p. _c22(hb) |
||
| 700 |
_aHeroor, Venugopal D. _959755 |
||
| 700 |
_aNaduvinamani, Neminath B. _959756 |
||
| 942 |
_2ddc _cEN _mHIS _h510 |
||
| 999 |
_c196740 _d196740 |
||